|
|
|
|
| LEADER |
00957nam a22002537a 4500 |
| 001 |
AAL7105 |
| 003 |
BD-DhAAL |
| 005 |
20160508180003.0 |
| 008 |
160508s 1997us a|||| |||| 001 0 eng d |
| 020 |
|
|
|a 0138032718
|
| 040 |
|
|
|a BD-DhAAL
|c BD-DhAAL
|
| 082 |
|
|
|a 909
|
| 100 |
|
|
|a Ellis, Elisabeth Gaynor
|9 19439
|
| 245 |
|
|
|a World history :
|b connections to today /
|c Elisabeth Gaynor Ellis and Anthony Esler;
|
| 260 |
|
|
|a Upper Saddle River, N.J. :
|b Prentice Hall,
|c ©1997.
|
| 300 |
|
|
|a xxxiii, 1038 p. :
|b ill. ;
|c 27 cm
|
| 500 |
|
|
|a Includes index
|
| 541 |
|
|
|e 7105
|
| 650 |
|
|
|a World history
|x Study and teaching (Secondary)
|9 19440
|
| 700 |
|
|
|a Esler, Anthony
|9 19441
|
| 852 |
|
|
|a Savar Campus Library:
|c General Shelf
|
| 942 |
|
|
|2 ddc
|c BK
|
| 999 |
|
|
|c 37530
|d 37530
|
| 952 |
|
|
|0 0
|1 0
|2 ddc
|4 0
|6 909_000000000000000_ELI
|7 0
|9 58935
|a SCL
|b SCL
|c GEN
|d 2016-05-08
|e Gift: The Asia Foundation
|l 5
|m 17
|o 909 ELI
|p 3020007105
|r 2025-08-03
|s 2025-06-27
|t 1
|w 2016-05-08
|y BK
|